Представление документа в формате MARC21

Поле Инд. ПП Название Значение
Тип записи a
Библиографический уровень m
001 Контрольный номер 2a425609148841df85f39dd5b36caf3c
005 Дата корректировки 20240425145859.1
008 Кодируемые данные 170711|||||||||ru |||||||||||||||||rus||
020 a ISBN 978-5-4222-0321-5
020 a ISBN 978-5-4222-0000-0
041 0_ a Код языка текста rus
084 a Индекс другой классификации/Индекс ББК 60.55+60.84
090 a Полочн. индекс 60.5
x Авторский знак Н 42
100 1_ a Автор Недосека Е. В.
245 10 a Заглавие Коммуникации в организациях
b Продолж. заглавия учеб. пособие по дисциплинам: "Коммуникации в организациях", "Социальные коммуникации", по направлению подгот. магистратуры 39.03.01 "Социология", профиль "Социология организаций"
c Ответственность М-во образования и науки Рос. Федерации, Мурман. аркт. гос. ун-т
260 a Место издания Мурманск
b Издательство МАГУ
c Дата издания 2017
300 a Объем 116 с.
500 a Примечание Имеется электрон. аналог 2017 г.
504 a Библиография Библиогр.: с. 115-116 и после каждой гл.
583 x Служебное примечание Социология. ВПО
z Открытое примечание 39.00.00
650 04 a Основная рубрика Коммуникации-Организации-Учебные издания для высших учебных заведений
653 0_ a Ключевые слова Исследования коммуникаций
a Ключевые слова Коммуникативные процессы
a Ключевые слова Труды преподавателей МАГУ
a Ключевые слова Управление организациями
901 t Тип документа m
952 b Гриф литературы для ВШ Рекомендовано Учеб.-метод. советом МАГУ
c Вид литературы учебное пособие